Un joueur avec ses 3 premiers clubs 4 (Edition Légende) - Statistiques

Statistiques générales
  • Ce quiz a été pris 63 fois
  • Le résultat moyen est 6 sur 15
Statistiques - réponses
Club 1 Transfert Club 2 Transfert Club 3 Joueur % Correct
Argentins Jrs. 7.30M Barcelone 12M Naples Maradona
79%
São Cristóvão 0M Cruzeiro 5.48M PSV Ronaldo
72%
Parme 52.88M Juventus 0M PSG Buffon
65%
Sao Paulo 8.50M AC Milan 67M Real Madrid Kaka
61%
Real Sociedad 16M Liverpool 34.50M Real Madrid Xabi Alonso
56%
Ajax 3.62M Sampdoria 8.60M Real Madrid Seedorf
42%
Montpellier 2.84M Naples ? Nimes Blanc
32%
Kadji Sports ? Real Madrid 7.20M Mallorque Eto'o
32%
CSKA Sofia 2.50M Bayer Leverkusen 15.70M Tottenham Berbatov
30%
Lazio 31M AC Milan 0M Impact Montreal Nesta
30%
Stuttgart 30M Bayern Munich 15.50M Fiorentina Mario Gomez
28%
Naples 6.70M Parmes 23M Inter Milan Cannavaro
16%
Chemnitzer FC 75K 1.FC K'lautern 2.50M Bayern Municg Ballack
12%
Platense ? Monaco 23.24M Juventus Trezeguet
12%
Flamengo 2.45M Inter Milan 0M QPR Julio Cesar
11%
Aucun quiz correspondant
Distribution des résultats
% des personnes avec chaque résultat
Percentile par nombre de réponses
Votre historique - résultats
Vous n’avez pas pris ce quiz